000 00607nam a22002417a 4500
003 UA-OsUOA
001 26399
007 ta
008 20040527b un ||||| |||| 00| 0 ukr d
090 _a339.922
_bВ11
942 _cBK
040 _aUA-OsUOA
_bukr
_cUA-OsUOA
_dUA-OsUOA
245 _aВідносини Україна - НАТО: економічні аспекти
_cРед. О.І.Соскін
300 _a120 с.
955 _a0
041 _aukr
080 _a339.922
020 _a966-8534-00-Х
260 _aКиїв
_bІТС
_c2003
044 _aUA
650 7 _2UDC
999 _c312722
_d312722